| 000 | 00534nam a2200181Ia 4500 | ||
|---|---|---|---|
| 003 | OSt | ||
| 005 | 20260326102509.0 | ||
| 008 | 211028s2007 xx 000 0 und d | ||
| 040 | _cAIMIT LIBRARY | ||
| 041 | _aeng | ||
| 082 | _a658.15 RANS | ||
| 100 |
_aRani, Swetha;Tauro, Lavina. _g50971384 _95833 |
||
| 245 | _aBank finance to small scale industries: a study with reference to small scale industries in Mangalore / | ||
| 260 |
_bTauro, Lavina _c2007 |
||
| 600 |
_aFinance _95834 |
||
| 650 |
_aFinance _95835 |
||
| 942 |
_2ddc _cPRO |
||
| 999 |
_c218036 _d218036 |
||